تا ر یخ ا د ب ا ر د و :ا بتد ا سے ٢٠٠٠ تک (Record no. 140814)

MARC details
000 -LEADER
fixed length control field 00782nam a22002177a 4500
005 - DATE AND TIME OF LATEST TRANSACTION
control field 20170607103353.0
008 - FIXED-LENGTH DATA ELEMENTS--GENERAL INFORMATION
fixed length control field 090109t xxu||||| |||| 00| 0urd d
010 ## - LCCN (DPL NO)
LC control number B-209077-B-209082
020 ## - INTERNATIONAL STANDARD BOOK NUMBER
Terms of availability 1500.00(3 Vol.set Price)
International Standard Book Number -
035 ## - SYSTEM CONTROL NUMBER
System control number B-209077
037 ## - SOURCE OF ACQUISITION
Source of stock number/acquisition DBAD/PUB
040 ## - CATALOGING SOURCE
Original cataloging agency DPL
Language of cataloging Urdu
082 ## - DEWEY DECIMAL CLASSIFICATION NUMBER
Classification number 840.9
100 ## - MAIN ENTRY--PERSONAL NAME
Personal name و ہا ب ا شر فی
245 ## - TITLE STATEMENT
Title تا ر یخ ا د ب ا ر د و :ا بتد ا سے ٢٠٠٠ تک
Statement of responsibility, etc و ہا ب ا شر فی
246 ## - VARYING FORM OF TITLE
Title proper/short title Tareekh -e-Adab Urdu (Part-2)
Remainder of title By Wahab Ashrafi
260 ## - PUBLICATION, DISTRIBUTION, ETC. (IMPRINT)
Place of publication, distribution, etc Delhi
Name of publisher, distributor, etc Educational Publishing House
Date of publication, distribution, etc 2005
270 ## - ADDRESS
Address 3108,Gali Azizuddin Vakil, Kucha Pandit Lal Kuan
City Delhi
Postal code 110006
Telephone number 526162
300 ## - PHYSICAL DESCRIPTION
Extent 1151+1912ص
Dimensions 22 cm(hb)
942 ## - ADDED ENTRY ELEMENTS (KOHA)
Source of classification or shelving scheme Dewey Decimal Classification
Item type Urdu Bks
Classification part 840.9
Call number suffix و ہ ا
Holdings
Withdrawn status Lost status Source of classification or shelving scheme Materials specified (bound volume or other part) Damaged status Not for loan Collection code Home library Current library Date acquired Source of acquisition Cost, normal purchase price Total Checkouts Full call number Barcode Date last seen Copy number Cost, replacement price Koha item type Total Renewals
    Dewey Decimal Classification Vol.2     Non-fiction Central Library Central Library 06/06/2017 BPPD 1500.00 1 840.9 و ہ ا B-209077 10/07/2017 1 1500.00 Urdu Bks  
    Dewey Decimal Classification Vol.3     Non-fiction Central Library Central Library 06/06/2017 BPPD 1500.00 4 840.9 و ہ ا B-209082 21/07/2018 1 1500.00 Urdu Bks 1

© Delhi Public Library
Hit Counter
free hit counter